|
|
|
|
| LEADER |
05012nam a2200805 i 4500 |
| 001 |
nkc20203222699 |
| 003 |
CZ PrNK |
| 005 |
20260203235141.0 |
| 007 |
ta |
| 008 |
200608s2020 xr g 000 j cze |
| 015 |
|
|
|a cnb003222699
|
| 020 |
|
|
|a 978-80-7260-451-7
|q (brožováno) :
|c Kč 247,00
|
| 035 |
|
|
|a (OCoLC)1204254238
|
| 040 |
|
|
|a ABG001
|b cze
|e rda
|
| 041 |
1 |
|
|a cze
|h eng
|
| 045 |
|
|
|a y-y-
|
| 072 |
|
7 |
|a 821.162.3-3
|x Česká próza
|2 Konspekt
|9 25
|
| 080 |
|
|
|a 821.162.3-32
|2 MRF
|
| 080 |
|
|
|a 616-036.21
|2 MRF
|
| 080 |
|
|
|a 82:7.04
|2 MRF
|
| 080 |
|
|
|a (0:82-32)
|2 MRF
|
| 080 |
|
|
|a (082.21)
|2 MRF
|
| 100 |
1 |
|
|a Auster, Paul,
|d 1947-2024
|7 jo20000080478
|4 aut
|
| 245 |
1 |
0 |
|a Za oknem :
|b 19 spisovatelů proti covid-19 /
|c Auster, Bellová, Dostálová, Horáková, Kábrtová, Kosatík, Kratochvil, Mornštajnová, Němec, Padevět, Pekárková, Pilátová, Sichinger, Slouka, Stančík, Stehlíková, Štifter, Urban, Vrba ; povídky Stanislavští vlci a Malý bratr z angličtiny přeložil Josef Moník
|
| 246 |
3 |
0 |
|a 19 spisovatelů proti covid-19
|
| 250 |
|
|
|a Vydání první
|
| 264 |
|
1 |
|a Praha :
|b Prostor,
|c 2020
|
| 300 |
|
|
|a 208 stran ;
|c 18 cm
|
| 336 |
|
|
|a text
|b txt
|2 rdacontent
|
| 337 |
|
|
|a bez média
|b n
|2 rdamedia
|
| 338 |
|
|
|a svazek
|b nc
|2 rdacarrier
|
| 505 |
0 |
0 |
|t Stanislavští vlci /
|r Paul Auster --
|t Láska všechno překoná /
|r Bianca Bellová --
|t Na prahu dvou cest /
|r Zuzana Dostálová --
|t Ex oriente lux... /
|r Pavla Horáková --
|t Za oknem /
|r Lidmila Kábrtová --
|t Vlak do Leningradu /
|r Pavel Kosatík --
|t Jen host /
|r Jiří Kratochvil --
|t Ošklivá sobota /
|r Alena Mornštajnová --
|t Krátká esej o nenapsaných povídkách /
|r Jan Němec --
|t Tráva se mu pletla pod nohy /
|r Jiří Padevět --
|t Do který země patříš? /
|r Iva Pekárková --
|t Poslední lidé /
|r Markéta Pilátová --
|t Kouzelné okénko /
|r Martin Sichinger --
|t Malý bratr /
|r Mark Slouka --
|t Kar v karanténě /
|r Petr Stančík --
|t Je to o šoupnutí vedle /
|r Olga Stehlíková --
|t Jemnými tahy /
|r Jan Štifter --
|t Krátká perspektiva /
|r Miloš Urban --
|t Dotek /
|r Michal Vrba
|
| 520 |
2 |
|
|a Antologie devatenácti povídek převážně českých autorů, reflektujících situaci koronavirové pandemie, vznikla jako charitativní projekt na podporu boje proti této nákaze.
|b Různým stylem a v různých žánrech reagovalo devatenáct autorů na výzvu editora Aleše Palána, který se rozhodl vytvořit povídkovou antologii, jež by jednak literárně reflektovala situaci, způsobenou pandemickým atakem viru covid-19, jednak by výtěžek z jejího prodeje podpořil boj s tímto neviditelným nepřítelem. Ve svazku najdeme povídky historické, hororové, kriminální či fantasy, ale i psychologicko-realistické. Někteří autoři také uvedli na scénu postavy ze svých dřívějších děl. Sedmnáct českých autorů, mezi nimiž nechybí řada jmen první velikosti, doplnily i dva přeložené příspěvky amerických prozaiků Paula Austera a Marka Slouky.
|
| 648 |
|
7 |
|a 21. století
|7 ch460559
|2 czenas
|
| 650 |
0 |
7 |
|a česká povídka
|7 ph128146
|y 21. století
|2 czenas
|
| 650 |
0 |
7 |
|a pandemie
|7 ph330262
|2 czenas
|
| 650 |
0 |
7 |
|a literární náměty
|7 ph138213
|2 czenas
|
| 650 |
0 |
9 |
|a Czech short stories
|y 21st century
|2 eczenas
|
| 650 |
0 |
9 |
|a pandemy
|2 eczenas
|
| 650 |
0 |
9 |
|a literary themes
|2 eczenas
|
| 655 |
|
7 |
|a české povídky
|7 fd133971
|2 czenas
|
| 655 |
|
7 |
|a antologie
|7 fd131819
|2 czenas
|
| 655 |
|
9 |
|a Czech short stories
|2 eczenas
|
| 655 |
|
9 |
|a anthology
|2 eczenas
|
| 700 |
1 |
|
|a Bellová, Bianca,
|d 1970-
|7 xx0087781
|4 aut
|
| 700 |
1 |
|
|a Dostálová, Zuzana,
|d 1976-
|7 xx0208478
|4 aut
|
| 700 |
1 |
|
|a Horáková, Pavla,
|d 1974-
|7 jx20070904014
|4 aut
|
| 700 |
1 |
|
|a Kábrtová, Lidmila,
|d 1971-
|7 xx0169540
|4 aut
|
| 700 |
1 |
|
|a Kosatík, Pavel,
|d 1962-
|7 jn19990201035
|4 aut
|
| 700 |
1 |
|
|a Kratochvil, Jiří,
|d 1940-
|7 jn19990209413
|4 aut
|
| 700 |
1 |
|
|a Mornštajnová, Alena,
|d 1963-
|7 ola2007364886
|4 aut
|
| 700 |
1 |
|
|a Němec, Jan,
|d 1981-
|7 xx0029257
|4 aut
|
| 700 |
1 |
|
|a Padevět, Jiří,
|d 1966-
|7 jx20100531007
|4 aut
|
| 700 |
1 |
|
|a Pekárková, Iva,
|d 1963-
|7 jn19990218083
|4 aut
|
| 700 |
1 |
|
|a Pilátová, Markéta,
|d 1973-
|7 js20051031017
|4 aut
|
| 700 |
1 |
|
|a Sichinger, Martin,
|d 1967-
|7 jo2008464954
|4 aut
|
| 700 |
1 |
|
|a Slouka, Mark,
|d 1958-
|7 js20020211008
|4 aut
|
| 700 |
1 |
|
|a Stančík, Petr,
|d 1968-
|7 jo2008411895
|4 aut
|
| 700 |
1 |
|
|a Stehlíková, Olga,
|d 1977-
|7 xx0009618
|4 aut
|
| 700 |
1 |
|
|a Štifter, Jan,
|d 1984-
|7 jo2003186416
|4 aut
|
| 700 |
1 |
|
|a Urban, Miloš,
|d 1967-
|7 jn99240001220
|4 aut
|
| 700 |
1 |
|
|a Vrba, Michal,
|d 1976-
|7 av2016919484
|4 aut
|
| 700 |
1 |
|
|a Moník, Josef,
|d 1952-
|7 mzk2003187265
|4 trl
|
| 856 |
4 |
1 |
|u http://www.digitalniknihovna.cz/mzk/uuid/uuid:48a7262d-f204-11f0-be42-c6bb38d1968b
|y Digitalizovaný dokument
|x NDK
|
| 910 |
2 |
|
|a BOA001
|b 1-1453.517
|
| 920 |
|
|
|a 4540562
|z ABG001
|
| 990 |
|
|
|a BK
|
| 995 |
|
|
|a 01
|
| 991 |
|
|
|b 202009
|c NOV
|
| 996 |
6 |
|
|b 2610840017
|c 1-1453.517
|l MZK
|r Sklad / do 1 hodiny
|n 1
|p p.v.
|w 001827813
|u 000010
|a 1
|e BOA001
|j MZK50
|s P
|